Statistics for A quiz about U.S homicide statistics

Click here to take the quiz!

General Stats

  • This quiz has been taken 20 times
  • The average score is 31 of 40

Answer Stats

HintMurder rate% Correct
382Los Angeles
100%
438New York City
100%
203Washington, D.C
100%
30.3Washington, D.C
100%
170Atlanta
94%
34.2Atlanta
94%
697Chicago
94%
25.8Chicago
94%
48.9Detroit
94%
309Detroit
94%
435Houston
94%
516Philadelphia
89%
32.7Philadelphia
89%
280New Orleans
83%
74.3New Orleans
83%
200St. Louis
83%
68.2St. Louis
83%
24.9Cincinnati
78%
214Dallas
78%
210Indianapolis
78%
23.8Indianapolis
78%
335Baltimore
72%
58.1Baltimore
72%
168Cleveland
72%
45.7Cleveland
72%
22.6Las Vegas
72%
223Phoenix
72%
32.8Kansas City
67%
167Kansas City
67%
45.9Memphis
67%
288Memphis
67%
231San Antonio
67%
24.6Buffalo
61%
160Louisville
61%
25.5Louisville
61%
214Milwaukee
61%
37.6Milwaukee
61%
27.7Oakland
50%
23.6Pittsburgh
50%
23.8Toledo
33%

Score Distribution

Percentile by Number Answered

Percent of People with Each Score

Your Score History

You have not taken this quiz